Loading...
Other - Other Academic | 0 | 5 | 0 | 2 | 50 | 103 | 115.20 | 2 | 5 |
Literature - British Lit | 0 | 3 | 0 | 0 | 30 | 75 | 105.67 | 2 | 3 |
Other - Pop Culture | 0 | 3 | 1 | 0 | 25 | 87 | 101.33 | 3 | 3 |
Thought - Philosophy | 1 | 0 | 0 | 0 | 15 | 62 | 62.00 | 1 | 1 |
Other - Geo/CE | 0 | 1 | 0 | 1 | 10 | 126 | 126.00 | 0 | 1 |
Thought - Social Science | 0 | 1 | 0 | 0 | 10 | 76 | 76.00 | 1 | 1 |
History - Euro History | 0 | 1 | 0 | 0 | 10 | 105 | 105.00 | 0 | 1 |
Literature - American Lit | 0 | 1 | 0 | 1 | 10 | 159 | 159.00 | 0 | 1 |
Literature - Euro Lit | 0 | 1 | 0 | 0 | 10 | 110 | 110.00 | 0 | 1 |
Science - Physics | 0 | 1 | 0 | 0 | 10 | 121 | 121.00 | 0 | 1 |
Beliefs - Mythology | 0 | 1 | 0 | 0 | 10 | 98 | 98.00 | 0 | 1 |
Science - Chemistry | 0 | 1 | 0 | 0 | 10 | 108 | 108.00 | 0 | 1 |
Science - Engineering | 0 | 1 | 0 | 0 | 10 | 115 | 115.00 | 0 | 1 |
Science - Other Science | 0 | 1 | 0 | 0 | 10 | 122 | 122.00 | 1 | 1 |
Literature - World Lit | 0 | 1 | 1 | 0 | 5 | 117 | 117.00 | 1 | 1 |
History - World History | 0 | 0 | 1 | 0 | -5 | 0.00 | 0 | 0 |